| 000 | 01355cam a2200409 i 4500 | ||
|---|---|---|---|
| 001 | 12619594 | ||
| 003 | EG-ScBUE | ||
| 005 | 20230329120814.0 | ||
| 006 | m||||fq||h 00| 0 | ||
| 008 | 011213t2004 inua f 001 0 eng d | ||
| 020 | _a0735712816 | ||
| 020 | _a9780735712812 | ||
| 040 |
_aCNU _beng _erda _cCNU _dEYM _dDLC _dEG-ScBUE |
||
| 082 | 0 | 4 |
_222 _a778.5960285536 _bHOF |
| 100 | 1 |
_aHofmann, Jerry, _eauthor. |
|
| 245 | 1 | 0 |
_aJerry Hofmann on final cut Pro 4 / _cJerry Hofmann. |
| 250 | _aFirst edition. | ||
| 264 | 1 |
_aIndianapolis : _bNew Riders, _c[2004] |
|
| 264 | 4 | _cc2004 | |
| 300 |
_axxxvi, 561 pages : _billustrations ; _c23 cm + _e1 CD |
||
| 336 |
_2rdacontent _atext _btxt |
||
| 336 |
_2rdacontent _asounds _bsnd |
||
| 337 |
_2rdamedia _aunmediated _bn |
||
| 337 |
_2rdamedia _aaudio _bs |
||
| 338 |
_2rdacarrier _avolume _bnc |
||
| 338 |
_2rdacarrier _acomputer disc _bcd |
||
| 500 | _aIncludes index. | ||
| 538 | _aSystem requirements for accompanying DVD: Macintosh G4; Mac OS 10.2.5 or later; DVD player. | ||
| 630 | 0 | 7 |
_aFinal cut (Electronic resource) _2BUEsh |
| 650 | 7 |
_aMotion pictures _xEditing _xData processing. _2BUEsh _913884 |
|
| 650 | 7 |
_aVideo tapes _xEditing _xData processing. _2BUEsh |
|
| 650 | 7 |
_aDigital video. _2BUEsh |
|
| 651 | _2BUEsh | ||
| 653 |
_bGGEN _cMarch2018 |
||
| 655 | _vReading book | ||
| 942 |
_2ddc _cBB |
||
| 999 |
_c26398 _d26370 |
||